Представление документа в формате RUSMARC

ПолеНазваниеЗначение
  Тип записи a
  Библиографический уровень m
001 Контрольный номер RU/SLIB/B/208706782
005 Дата корректировки 20201206203854.4
010 Индекс ISBN __
d Цена 22-00
101 Язык документа __
a Язык текста rus
200 Заглавие и сведения об ответственности 0_
a Заглавие Елизавета I Английская
f Первые сведения об ответственности Хейг К. ; [пер. с англ. Н. Г. Милых]
b Общее обозначение материала Текст
210 Выходные данные __
a Место издания Ростов н/Д
c Издательство Феникс
d Дата издания 1997
215 Физическое описание __
a Объем 318 с.
225 Серия __
a Серия След в истории
320 Библиография __
a Библиография Библиограф.очерк: с. 303-312
600 Персоналии __
a Персоналии (Фамилия) Елизавета
606 Тематические рубрики __
a Основная рубрика История
606 Тематические рубрики __
a Основная рубрика Европа в XVI в. - 1918 г.
606 Тематические рубрики __
y Географическая подрубрика Великобритания
610 Ключевые слова __
a Ключевые слова персоналии; биографии; историческая литература
686 Индексы других классификаций __
2 Код системы rubbks
a Классификационный индекс 63.3(4Вел)5-8; ст63.3(4Вел)-8
700 Автор _1
a Фамилия Хейг
b Имя К.
4 Код отношения 070
702 Вторичная интеллектуальная ответственность __
a Фамилия Милых
b Имя Н. Г.
4 Код отношения Переводчик
801 Источник записи _0
a Страна RU
b Организация Муниципальное бюджетное учреждение культуры "Централизованная библиотечная система" г. Сургут (Центральная городская библиотека им. А. С. Пушкина)
g Правила каталогизации Об/Кундохова
801 Источник записи _1
a Страна RU
b Организация Муниципальное бюджетное учреждение культуры "Централизованная библиотечная система" г. Сургут (Центральная городская библиотека им. А. С. Пушкина)
g Правила каталогизации Об/Кундохова
852 Данные о местонахождении __
j Шифр хранения 63.3(4Вел)5-8
c Каталожный индекс 63.3(4Вел)-8
i Авторский знак Х 35
p Инвентарный номер 68825
901 Тип документа __
t Тип документа m
903 Характеристики (МАРС) __
a Дата передачи 19980727
990 Данные о заказе (DOS) 00
j Количество экземпляров (DOS) 2